|
|
|
|
| LEADER |
00000naa2a2200000 4500 |
| 001 |
79254 |
| 005 |
20231101213038.0 |
| 035 |
|
|
|a (RuTPU)RU\TPU\book\85193
|
| 090 |
|
|
|a 79254
|
| 100 |
|
|
|a 20050809d2001 k y0rusy50 ca
|
| 101 |
0 |
|
|a rus
|
| 102 |
|
|
|a RU
|
| 200 |
1 |
|
|a Реология и реологические свойства, необходимые для описания поведения покрытий для защиты поверхности свариваемых изделий при сварке в CO2
|f В. Т. Федько, С. Б. Сапожков, Е. А. Зернин
|
| 320 |
|
|
|a Библиогр.: 3 назв.
|
| 463 |
|
0 |
|0 (RuTPU)RU\TPU\book\31481
|t Труды XIV научной конференции, посвященной 300-летию инженерного образования в России, Юрга, 26-27 апреля 2001 г
|f ТПУ, Юргинский фил
|v С. 58-59.
|d 2001
|p 207 с.
|
| 610 |
1 |
|
|a покрытия
|
| 610 |
1 |
|
|a сварка
|
| 610 |
1 |
|
|a защита поверхности
|
| 610 |
1 |
|
|a защитные покрытия
|
| 610 |
1 |
|
|a реология
|
| 610 |
1 |
|
|a свойства
|
| 610 |
1 |
|
|a труды учёных ТПУ
|
| 700 |
|
1 |
|a Федько
|b В. Т.
|c профессор Томского политехнического университета
|c директор Юргинского технологического института ТПУ
|c Заслуженный изобретатель РФ
|f 1937-
|g Валериан Тимофеевич
|2 stltpush
|3 (RuTPU)RU\TPU\pers\22018
|9 9315
|
| 701 |
|
1 |
|a Сапожков
|b С. Б.
|c специалист в области сварочного производства
|c профессор Юргинского технологического института (филиала) Томского политехнического университета, доктор технических наук
|f 1972-
|g Сергей Борисович
|2 stltpush
|3 (RuTPU)RU\TPU\pers\24280
|9 10746
|
| 701 |
|
1 |
|a Зернин
|b Е. А.
|c специалист в области сварочного производства
|c заведующий кафедрой Юргинского технологического института (филиала) Томского политехнического университета, кандидат технических наук
|f 1977-
|g Евгений Александрович
|2 stltpush
|3 (RuTPU)RU\TPU\pers\24288
|9 10753
|
| 801 |
|
1 |
|a RU
|b 63413507
|c 20050809
|g PSBO
|
| 801 |
|
2 |
|a RU
|b 63413507
|c 20151103
|g PSBO
|
| 942 |
|
|
|c BK
|